000
00305nam a2200109Ia 4500
008
171205s9999 xx 000 0 und d
020
_a
9781635493696
100
_a
Taylor, Cristian.
245
_c
Cristian Taylor
_a
Innovation Management
260
_b
Larsen and Keller Education
_c
2017
300
_a
247 pages
999
_c
347447
_d
347447